|
|
|
|
| LEADER |
01109nam a22003137a 4500 |
| 001 |
28206 |
| 003 |
BD-DhAAL |
| 005 |
20190523120917.0 |
| 008 |
170412s2011 ii ||||| b||| 001 0 eng d |
| 999 |
|
|
|c 38033
|d 38033
|
| 020 |
|
|
|a 9780470772997
|
| 020 |
|
|
|a 9780470772980
|
| 020 |
|
|
|a 9781119990499
|
| 020 |
|
|
|a 9781119990505
|
| 020 |
|
|
|a 9781119989943
|
| 040 |
|
|
|a BD-DhAAL
|c BD-DhAAL
|
| 082 |
|
|
|2 23
|a 720.1
|
| 100 |
|
|
|a Schumacher, Patrik
|9 21222
|
| 245 |
|
|
|a The autopoiesis of architecture,
|n vol 1 :
|b a new framework for architecture /
|c Patrik Schumacher
|
| 260 |
|
|
|a Chichester :
|b Wiley,
|c 2011 [reprinted]
|
| 300 |
|
|
|a xvi, 461 pages :
|c 22 cm.
|
| 500 |
|
|
|a v.1 A new framework for architecture
|
| 504 |
|
|
|a Includes bibliographical references and index
|
| 526 |
|
|
|a ARC
|
| 541 |
|
|
|e 28206
|
| 650 |
|
|
|a Architecture
|x Philosophy
|9 21223
|
| 852 |
|
|
|a Ayesha Abed Library
|c General Stacks
|
| 942 |
|
|
|2 ddc
|c BK
|
| 952 |
|
|
|0 0
|1 0
|2 ddc
|4 0
|6 720_100000000000000_SCH
|7 0
|9 60171
|a BRACUL
|b BRACUL
|c GEN
|d 2017-04-12
|e Karim International
|l 2
|m 3
|o 720.1 SCH
|p 3010028206
|r 2025-10-14
|s 2025-09-08
|t 1
|w 2017-04-12
|y BK
|